000
00308nam a2200121Ia 4500
008
190216s9999||||xx |||||||||||||| ||und||
100
_a
Dayal R
245
0
_a
Text Book Of Modern Eurupen History
260
_b
Prentice Hall
_c
1966
300
_a
548p
650
_a
World History-History Of Europe
942
_c
BK
999
_c
18882
_d
18882